| 000 | 00562nam a2200217Ia 4500 | ||
|---|---|---|---|
| 003 | OSt | ||
| 005 | 20250807112043.0 | ||
| 008 | 210210b2018 xxu||||| |||| 00| 0 eng d | ||
| 020 | _a9788125914761 | ||
| 040 | _cAL | ||
| 041 | _aeng | ||
| 082 | _a658.83 SUMM | ||
| 100 |
_aSumathi I S _9234486 |
||
| 245 | _aMarketing research and consumer behaviour | ||
| 260 |
_aNew Delhi _bVikas Publishing House Pvt Ltd _c2018 |
||
| 300 | _axvi,761p | ||
| 690 |
_aMarketing Research _9234491 |
||
| 700 |
_aSaravanavel P _9234492 |
||
| 906 | _a072677 | ||
| 942 |
_2ddc _cBK |
||
| 999 |
_c122517 _d122517 |
||